[Event "Landesliga Sued 1920"]
[Site "Bayern"]
[Date "2020.03.01"]
[Round "7.7"]
[White "Buehner, Maximilian"]
[Black "Schueller, Ernst"]
[Result "1/2-1/2"]
[WhiteElo "1934"]
[BlackElo "2137"]
[PlyCount "106"]
[EventDate "2019.09.29"]
[EventType "team-tourn"]
[EventRounds "9"]
[EventCountry "GER"]
[SourceTitle "EXT 2021"]
[Source "ChessBase"]
[SourceDate "2020.10.23"]
[SourceVersion "1"]
[SourceVersionDate "2020.10.23"]
[SourceQuality "1"]
[WhiteTeam "MSA Zugzwang II"]
[BlackTeam "Passau II"]
[WhiteTeamCountry "GER"]
[BlackTeamCountry "GER"]

1. e4 c5 2. Nf3 d6 3. Bb5+ Bd7 4. Bxd7+ Qxd7 5. 0-0 Nc6 6. Re1 e6 7. c3 d5 8. d3 dxe4 9. dxe4 Qxd1 10. Rxd1 Nf6 11. e5 Nd7 12. Bf4 f6 13. exf6 gxf6 14. Nbd2 e5 15. Bg3 0-0-0 16. Ne4 Kc7 17. Nh4 Re8 18. Rxd7+ Kxd7 19. Nxf6+ Ke7 20. Nxe8 Kxe8 21. Re1 Bd6 22. Nf3 Kf7 23. Nxe5+ Bxe5 24. Bxe5 Re8 25. f4 h5 26. Kf2 c4 27. Kf3 Rd8 28. Re2 Kg6 29. Ke4 Ne7 30. b3 cxb3 31. axb3 a6 32. Bd4 Nc6 33. Kd3 Kf5 34. g3 h4 35. Re4 hxg3 36. hxg3 a5 37. Ke3 Rg8 38. Kf3 Rxg3+ 39. Kxg3 Kxe4 40. Kg4 b5 41. f5 a4 42. bxa4 bxa4 43. f6 Nd8 44. Bc5 Kd5 45. Bb4 Ke6 46. Kg5 Kf7 47. Kf5 Nc6 48. Ba3 Na5 49. Be7 Nc4 50. Ke4 a3 51. Bxa3 Nxa3 52. Kd4 Kxf6 53. c4 Nxc4 1/2-1/2

[Event "Niederbayernliga 1516"]
[Site "Bayern"]
[Date "2016.04.10"]
[Round "9.2"]
[White "Schmaus, Horst"]
[Black "Schueller, Ernst"]
[Result "1/2-1/2"]
[WhiteElo "2055"]
[BlackElo "2136"]
[PlyCount "199"]
[EventDate "2015.10.11"]
[EventType "team-tourn"]
[EventRounds "9"]
[EventCountry "GER"]
[SourceTitle "EXT 2023"]
[Source "ChessBase"]
[SourceDate "2022.10.05"]
[SourceVersion "1"]
[SourceVersionDate "2022.10.05"]
[SourceQuality "1"]
[WhiteTeam "Landshut"]
[BlackTeam "Passau II"]
[WhiteTeamCountry "GER"]
[BlackTeamCountry "GER"]

1. e4 e6 2. d4 c5 3. Nf3 cxd4 4. Nxd4 a6 5. Bd3 Nc6 6. Be3 Nf6 7. Nc3 Bb4 8. 0-0 Qc7 9. h3 0-0 10. Kh1 d6 11. f4 Bd7 12. Qe1 Nxd4 13. Bxd4 e5 14. fxe5 dxe5 15. Be3 Nh5 16. Rd1 Bxc3 17. bxc3 Bb5 18. Qh4 Nf4 19. Bxf4 exf4 20. Qxf4 Qxc3 21. Rf3 Bxd3 22. cxd3 Qc2 23. Rdf1 Qxa2 24. Qc7 b5 25. d4 Qe6 26. Qb7 Qc8 27. Qe7 Qe8 28. Qb7 Rb8 29. Qa7 Rd8 30. d5 b4 31. Qd4 Qb5 32. d6 f6 33. Rf5 Qc6 34. Qxb4 Qxd6 35. Qc4+ Kh8 36. Ra1 Rc8 37. Rxa6 Rxc4 38. Rxd6 Rxe4 39. Rd7 Rfe8 40. Rc5 h6 41. Rcc7 Rg8 42. Rf7 Re6 43. Kh2 Re3 44. Rcd7 Ra3 45. Rc7 Raa8 46. Rb7 Raf8 47. Rfe7 Kh7 48. Kg3 Kg6 49. Kf4 h5 50. Rbc7 Ra8 51. Rb7 Ra4+ 52. Kf3 Ra3+ 53. Kf2 h4 54. Kg1 Kh6 55. Rf7 Rg3 56. Kh2 Re8 57. Rb2 Re5 58. Rfb7 Rc3 59. R7b4 Kh5 60. R4b3 Ree3 61. Rxc3 Rxc3 62. Rb5+ Kh6 63. Rb6 Kg5 64. Rb7 g6 65. Rb5+ f5 66. Rb6 Rc2 67. Kg1 Re2 68. Ra6 Kh5 69. Ra5 Rb2 70. Rc5 Rb6 71. Kf2 Kg5 72. Ra5 Rd6 73. Rb5 Re6 74. Ra5 Kf4 75. Ra4+ Re4 76. Ra6 g5 77. Ra7 Rb4 78. Ra2 Rc4 79. Rb2 g4 80. hxg4 Kxg4 81. Rb8 Rf4+ 82. Kg1 Re4 83. Rg8+ Kf4 84. Kf2 h3 85. gxh3 Re3 86. Ra8 Rf3+ 87. Kg2 Rg3+ 88. Kf2 Rf3+ 89. Kg2 Rb3 90. Ra2 Rg3+ 91. Kf2 Rxh3 92. Kg2 Rd3 93. Kf2 Rd4 94. Rb2 Kg5 95. Rb8 Ra4 96. Rb3 Ra1 97. Rb5 Ra2+ 98. Kf3 Ra3+ 99. Kg2 Kf4 100. Rb4+ 1/2-1/2

[Event "Niederbayernliga 1415"]
[Site "Bayern"]
[Date "2015.04.12"]
[Round "9.1"]
[White "Schueller, Ernst"]
[Black "Bernauer, Thomas"]
[Result "1/2-1/2"]
[WhiteElo "2164"]
[BlackElo "1928"]
[PlyCount "101"]
[EventDate "2014.10.19"]
[EventType "team-tourn"]
[EventRounds "9"]
[EventCountry "GER"]
[SourceTitle "EXT 2023"]
[Source "ChessBase"]
[SourceDate "2022.10.05"]
[SourceVersion "1"]
[SourceVersionDate "2022.10.05"]
[SourceQuality "1"]
[WhiteTeam "Passau II"]
[BlackTeam "Grafenau"]
[WhiteTeamCountry "GER"]
[BlackTeamCountry "GER"]

1. Nf3 Nf6 2. g3 d5 3. Bg2 c6 4. 0-0 Bg4 5. Ne5 Nbd7 6. Nxg4 Nxg4 7. e4 Ngf6 8. exd5 cxd5 9. c4 dxc4 10. Bxb7 Rb8 11. Bg2 e6 12. Qa4 Qc7 13. Na3 Rb4 14. Qc6 Bd6 15. Nb5 Qxc6 16. Bxc6 Bb8 17. b3 cxb3 18. axb3 Rxb3 19. Ba3 Nd5 20. Rab1 Rd3 21. Nd6+ Bxd6 22. Bxd6 N5b6 23. Bb4 f6 24. Ra1 Nc8 25. Ra3 Rd4 26. Rb1 Kf7 27. Bc3 Rd6 28. Rb7 Rxc6 29. Rxd7+ Kg6 30. Ra4 h5 31. Rb4 Rb6 32. Rc4 Rb1+ 33. Kg2 Nb6 34. Rb7 Nxc4 35. Rxb1 Rd8 36. Ra1 a5 37. Ra2 e5 38. f3 Kf5 39. Kf2 a4 40. Rxa4 Nxd2 41. g4+ hxg4 42. fxg4+ Kg5 43. Kg2 Rd3 44. Ba5 Nb3 45. Be1 Rd4 46. Rxd4 exd4 47. Kf3 f5 48. h4+ Kg6 49. h5+ Kg5 50. gxf5 Kxf5 51. Bb4 1/2-1/2

[Event "AUT-chT 1415"]
[Site "Austria"]
[Date "2015.03.21"]
[Round "11.1"]
[White "Schueller, Ernst"]
[Black "Hofer, Emilian"]
[Result "1/2-1/2"]
[WhiteElo "2203"]
[BlackElo "2221"]
[PlyCount "188"]
[EventDate "2014.11.20"]
[EventType "team-tourn"]
[EventRounds "11"]
[EventCountry "AUT"]
[SourceTitle "EXT 2016"]
[Source "ChessBase"]
[SourceDate "2015.10.08"]
[SourceVersion "1"]
[SourceVersionDate "2015.10.08"]
[SourceQuality "1"]
[WhiteTeam "Grieskirchen/Schallerbach"]
[BlackTeam "Hohenems"]
[WhiteTeamCountry "AUT"]
[BlackTeamCountry "AUT"]

1. e4 e5 2. Nf3 Nc6 3. Bc4 Nf6 4. Qe2 Be7 5. c3 0-0 6. 0-0 d6 7. a4 a6 8. d3 Be6 9. Na3 Bxc4 10. Nxc4 Re8 11. Ne3 Bf8 12. Qc2 g6 13. Qb3 Qd7 14. h3 h6 15. Nh2 Bg7 16. Neg4 Nxg4 17. Nxg4 h5 18. Ne3 Rab8 19. Nd5 Ne7 20. Nxe7+ Qxe7 21. f4 Qe6 22. Qxe6 fxe6 23. fxe5 Bxe5 24. d4 Bg7 25. Be3 Rf8 26. Rf3 Rf7 27. Kf2 Bf6 28. Ke2 Be7 29. Rxf7 Kxf7 30. Rf1+ Kg7 31. d5 exd5 32. exd5 Bf6 33. Kd3 Be5 34. b4 Re8 35. Bg5 b6 36. Rf3 Ra8 37. Kc4 Re8 38. Kd3 Rb8 39. Be3 Kg8 40. Bh6 Re8 41. g4 hxg4 42. hxg4 Kh7 43. Rh3 Kg8 44. Rf3 Kh7 45. Be3 Kg7 46. Rh3 Kg8 47. c4 Rb8 48. Rh6 Kg7 49. Rh1 Kg8 50. Bh6 Kf7 51. Bg5 Kg7 52. Kc2 Kg8 53. Bh6 Bg7 54. Bd2 Re8 55. Kd3 Rb8 56. Re1 Be5 57. Bg5 Kf7 58. Rh1 Kg7 59. Kc2 Kg8 60. Rf1 Kg7 61. b5 a5 62. Rh1 Re8 63. Kd3 Kg8 64. Bh6 Bg7 65. Bd2 Kf7 66. Rf1+ Kg8 67. Bg5 Bb2 68. Rf2 Bg7 69. Re2 Kf7 70. Rf2+ Kg8 71. Rf1 Bh8 72. Bh4 Be5 73. Rf3 Kg7 74. Be1 Bf6 75. Bf2 Be5 76. Be1 Re7 77. Bd2 Re8 78. Rh3 Kg8 79. Bh6 Re7 80. Rf3 Re8 81. Re3 Kf7 82. Rf3+ Kg8 83. Bg5 Kg7 84. Rh3 Kg8 85. Bh6 Re7 86. Rf3 Re8 87. g5 Bh8 88. Re3 Rxe3+ 89. Kxe3 Kf7 90. Ke4 Bc3 91. Kd3 Be5 92. Ke4 Bc3 93. Kd3 Be5 94. Ke4 Bc3 1/2-1/2

[Event "AUT-chT 1415"]
[Site "Austria"]
[Date "2014.11.23"]
[Round "4.1"]
[White "Mesaros, Florian"]
[Black "Schueller, Ernst"]
[Result "1-0"]
[WhiteElo "2266"]
[BlackElo "2203"]
[PlyCount "93"]
[EventDate "2014.11.20"]
[EventType "team-tourn"]
[EventRounds "11"]
[EventCountry "AUT"]
[SourceTitle "CBM 163 Extra"]
[Source "ChessBase"]
[SourceDate "2014.12.23"]
[SourceVersion "1"]
[SourceVersionDate "2014.12.23"]
[SourceQuality "1"]
[WhiteTeam "Wulkaprodersdorf"]
[BlackTeam "Grieskirchen/Schallerbach"]
[WhiteTeamCountry "AUT"]
[BlackTeamCountry "AUT"]

1. Nf3 Nf6 2. c4 e6 3. Nc3 c5 4. g3 b6 5. Bg2 Bb7 6. 0-0 Be7 7. d4 cxd4 8. Nxd4 Bxg2 9. Kxg2 Nc6 10. Ndb5 0-0 11. Bf4 a6 12. Nd6 Nh5 13. Qd2 Nxf4+ 14. gxf4 f5 15. Rad1 Bxd6 16. Qxd6 Rf7 17. Rd3 Qc8 18. Rfd1 Qb7 19. Kg1 b5 20. b3 Rc8 21. cxb5 axb5 22. a4 bxa4 23. Nxa4 Nb4 24. Rd4 Na6 25. Rc4 Rxc4 26. bxc4 h6 27. Nb6 Nb8 28. Ra1 Kh7 29. f3 Nc6 30. c5 Na7 31. Ra5 Nc8 32. Nxc8 Qxc8 33. Ra7 Qe8 34. Rb7 g5 35. fxg5 hxg5 36. Qe5 Kg6 37. Kg2 Rf6 38. Rb8 Qf7 39. Qg3 Qh7 40. Rd8 Rf7 41. Qb8 Kf6 42. Rh8 Qg7 43. Rg8 Qh6 44. Qb2+ Ke7 45. c6 dxc6 46. Qb4+ c5 47. Qxc5+ 1-0

[Event "AUT-chT 1415"]
[Site "Austria"]
[Date "2014.11.22"]
[Round "3.1"]
[White "Schueller, Ernst"]
[Black "Hebesberger, Thomas"]
[Result "0-1"]
[WhiteElo "2203"]
[BlackElo "2351"]
[PlyCount "48"]
[EventDate "2014.11.20"]
[EventType "team-tourn"]
[EventRounds "11"]
[EventCountry "AUT"]
[SourceTitle "CBM 163 Extra"]
[Source "ChessBase"]
[SourceDate "2014.12.23"]
[SourceVersion "1"]
[SourceVersionDate "2014.12.23"]
[SourceQuality "1"]
[WhiteTeam "Grieskirchen/Schallerbach"]
[BlackTeam "St Veit"]
[WhiteTeamCountry "AUT"]
[BlackTeamCountry "AUT"]

1. e4 c5 2. Nf3 g6 3. Bc4 Bg7 4. 0-0 Nc6 5. Re1 e6 6. c3 Nge7 7. e5 0-0 8. d4 cxd4 9. cxd4 d6 10. Bg5 h6 11. Bh4 dxe5 12. Bxe7 Qxe7 13. dxe5 b6 14. Nc3 Bb7 15. Qe2 Rfd8 16. Ba6 Nd4 17. Nxd4 Rxd4 18. Bxb7 Qxb7 19. Rad1 Rad8 20. Rxd4 Rxd4 21. g3 Qd7 22. Qf3 Rd3 23. Qa8+ Kh7 24. Re2 Rxc3 0-1

[Event "AUT-chT 1415"]
[Site "Austria"]
[Date "2014.11.21"]
[Round "2.1"]
[White "Tabernig, Bernhard"]
[Black "Schueller, Ernst"]
[Result "1-0"]
[WhiteElo "2383"]
[BlackElo "2203"]
[PlyCount "181"]
[EventDate "2014.11.20"]
[EventType "team-tourn"]
[EventRounds "11"]
[EventCountry "AUT"]
[SourceTitle "CBM 163 Extra"]
[Source "ChessBase"]
[SourceDate "2014.12.23"]
[SourceVersion "1"]
[SourceVersionDate "2014.12.23"]
[SourceQuality "1"]
[WhiteTeam "Mayrhofen/Zillertal"]
[BlackTeam "Grieskirchen/Schallerbach"]
[WhiteTeamCountry "AUT"]
[BlackTeamCountry "AUT"]

1. d4 Nf6 2. c4 c6 3. Nf3 g6 4. Nc3 Bg7 5. e4 d6 6. Be2 Bg4 7. 0-0 0-0 8. Be3 Qc7 9. h3 Bxf3 10. Bxf3 Nfd7 11. Qd2 Re8 12. Rad1 a6 13. Be2 e5 14. f4 b5 15. dxe5 dxe5 16. f5 Nf6 17. a3 Nbd7 18. Qe1 gxf5 19. Rxf5 Re6 20. Qh4 Nf8 21. Qf2 Ne8 22. Bb6 Qb7 23. Bc5 Ng6 24. h4 Nf4 25. Bf1 Rg6 26. g3 Ne6 27. Be3 Qe7 28. h5 Rf6 29. cxb5 axb5 30. Bxb5 Nd4 31. Rxf6 Nxf6 32. Be2 Nxe2+ 33. Qxe2 Qe6 34. Kg2 h6 35. Rd2 Ng4 36. Bc5 Bf8 37. Bg1 Be7 38. Qf3 Bg5 39. Re2 Nf6 40. Be3 Bxe3 41. Rxe3 Rd8 42. Re2 Kg7 43. Qf5 Qe7 44. Rf2 Nh7 45. Nd1 Rd3 46. Rc2 Ng5 47. Nf2 Rf3 48. Qc8 Qf6 49. Qg4 Re3 50. Re2 Rb3 51. Nh3 Qf3+ 52. Qxf3 Nxf3 53. Nf2 Nd4 54. Rd2 Nf3 55. Rd1 Nd4 56. Nd3 f5 57. Nxe5 Rxb2+ 58. Kh3 c5 59. Nd7 Rc2 60. exf5 Nxf5 61. Rd5 Nd4 62. Nxc5 Nf3 63. Ne4 Rc4 64. Rd7+ Kg8 65. Nf2 Ng5+ 66. Kg2 Ra4 67. Rd3 Kf7 68. Re3 Ne6 69. Nd3 Ng7 70. Nf4 Nf5 71. Rb3 Ra6 72. Kh3 Nd4 73. Rb7+ Kf6 74. Rb6+ Rxb6 75. Nd5+ Kg5 76. Nxb6 Kxh5 77. a4 Nb3 78. Nc4 Kg5 79. a5 Nc5 80. Ne3 Na6 81. Nd5 Kh5 82. Nc3 Nc7 83. Ne4 Na6 84. g4+ Kg6 85. Kh4 Nb8 86. Nc5 Nc6 87. a6 Kg7 88. Kh5 Kh7 89. Ne6 Na7 90. Nd4 Nc8 91. Nf5 1-0

[Event "AUT-chT 1415"]
[Site "Austria"]
[Date "2014.11.20"]
[Round "1.1"]
[White "Schueller, Ernst"]
[Black "Hresc, Vladimir"]
[Result "1-0"]
[WhiteElo "2203"]
[BlackElo "2408"]
[PlyCount "173"]
[EventDate "2014.11.20"]
[EventType "team-tourn"]
[EventRounds "11"]
[EventCountry "AUT"]
[SourceTitle "CBM 163 Extra"]
[Source "ChessBase"]
[SourceDate "2014.12.23"]
[SourceVersion "1"]
[SourceVersionDate "2014.12.23"]
[SourceQuality "1"]
[WhiteTeam "Grieskirchen/Schallerbach"]
[BlackTeam "Wolfsberg"]
[WhiteTeamCountry "AUT"]
[BlackTeamCountry "AUT"]

1. d4 Nf6 2. Nf3 b6 3. g3 Bb7 4. Bg2 e6 5. 0-0 Be7 6. c4 0-0 7. Nc3 d5 8. Ne5 Nbd7 9. Nxd7 Qxd7 10. Bg5 h6 11. Bxf6 Bxf6 12. cxd5 exd5 13. e3 Rfd8 14. Qh5 c6 15. Rfd1 Qe7 16. a3 Kh7 17. Qe2 Kg8 18. Rac1 a5 19. Qc2 b5 20. a4 b4 21. Nb1 Qc7 22. Nd2 Qb6 23. Nb3 Be7 24. Bf1 Rac8 25. Nc5 Rc7 26. b3 Bc8 27. Bd3 Rd6 28. Bh7+ Kf8 29. Bf5 g6 30. Bxc8 Rxc8 31. Qe2 h5 32. e4 dxe4 33. Qxe4 Rcd8 34. Rc4 Rd5 35. Re1 Bf6 36. Qf4 Kg7 37. Re4 Qa7 38. h4 Qb6 39. Kg2 Qa7 40. Qe3 Qc7 41. Nd3 Qd6 42. Ne5 Bxe5 43. dxe5 Qe6 44. Qf4 c5 45. Re3 Re8 46. Rce4 Qf5 47. Re1 Qxf4 48. gxf4 Re6 49. Rc1 f6 50. Rce1 Kf7 51. Kf3 fxe5 52. fxe5 Rd3+ 53. R1e3 Rd5 54. Ke2 Ke7 55. f4 Kd7 56. Rc4 Kc6 57. Rg3 Rd4 58. Rxd4 cxd4 59. Kd3 Kd5 60. Rg5 Rc6 61. e6+ Kd6 62. Kxd4 Rc3 63. Rxa5 Rxb3 64. Ra6+ Ke7 65. Rb6 Rb1 66. f5 gxf5 67. Ke5 Re1+ 68. Kxf5 Rf1+ 69. Kg5 Rg1+ 70. Kxh5 Rb1 71. a5 Ra1 72. a6 Ra4 73. Kg5 b3 74. h5 b2 75. Rxb2 Rxa6 76. Re2 Ra1 77. Kh6 Rh1 78. Re5 Rf1 79. Kg6 Rf6+ 80. Kg7 Rf2 81. Rg5 Kxe6 82. h6 Rf7+ 83. Kg8 Ra7 84. h7 Kf6 85. h8Q+ Kxg5 86. Qe5+ Kg6 87. Qd6+ 1-0

[Event "Niederbayernliga 1415"]
[Site "Bayern"]
[Date "2014.11.09"]
[Round "2.1"]
[White "Wiedmann, Klaus"]
[Black "Schueller, Ernst"]
[Result "0-1"]
[WhiteElo "1970"]
[BlackElo "2164"]
[PlyCount "70"]
[EventDate "2014.10.19"]
[EventType "team-tourn"]
[EventRounds "9"]
[EventCountry "GER"]
[SourceTitle "EXT 2023"]
[Source "ChessBase"]
[SourceDate "2022.10.05"]
[SourceVersion "1"]
[SourceVersionDate "2022.10.05"]
[SourceQuality "1"]
[WhiteTeam "Rottal II"]
[BlackTeam "Passau II"]
[WhiteTeamCountry "GER"]
[BlackTeamCountry "GER"]

1. e4 e6 2. d4 c5 3. Nf3 cxd4 4. Nxd4 a6 5. c4 Nc6 6. Nc3 Nxd4 7. Qxd4 Ne7 8. Be3 Nc6 9. Qd2 Be7 10. Be2 0-0 11. 0-0 d6 12. Na4 Qe8 13. Nb6 Rb8 14. b4 e5 15. b5 Nd4 16. Bxd4 exd4 17. Nd5 Bd8 18. Qxd4 Be6 19. a4 Bxd5 20. Qxd5 Bf6 21. Rad1 Qe7 22. Bf3 Rfd8 23. Rb1 a5 24. b6 Bc3 25. Rb5 Rbc8 26. Rc1 Qf6 27. Rd1 Bb4 28. Bg4 Rc5 29. Rxc5 Bxc5 30. e5 Qxf2+ 31. Kh1 Re8 32. e6 fxe6 33. Bxe6+ Kh8 34. Qe4 Qf6 35. Re1 Bb4 0-1

[Event "Niederbayernliga 1415"]
[Site "Bayern"]
[Date "2014.10.19"]
[Round "1.2"]
[White "Wimmer, Martin1111"]
[Black "Schueller, Ernst"]
[Result "0-1"]
[WhiteElo "1949"]
[BlackElo "2164"]
[PlyCount "136"]
[EventDate "2014.10.19"]
[EventType "team-tourn"]
[EventRounds "9"]
[EventCountry "GER"]
[SourceTitle "EXT 2023"]
[Source "ChessBase"]
[SourceDate "2022.10.05"]
[SourceVersion "1"]
[SourceVersionDate "2022.10.05"]
[SourceQuality "1"]
[WhiteTeam "Schaibing"]
[BlackTeam "Passau II"]
[WhiteTeamCountry "GER"]
[BlackTeamCountry "GER"]

1. e4 c5 2. Nf3 Nc6 3. d4 cxd4 4. Nxd4 Nf6 5. Nc3 e5 6. Ndb5 Bb4 7. Nd6+ Ke7 8. Nf5+ Kf8 9. Ng3 d5 10. Bd2 d4 11. Nb1 Qb6 12. b3 h5 13. h4 Ng4 14. Bd3 Qd8 15. Bxb4+ Nxb4 16. Qd2 Qe7 17. Qg5 g6 18. Qxe7+ Kxe7 19. Nd2 Be6 20. Ke2 Rhc8 21. Rhc1 Rc5 22. a3 Nxd3 23. cxd3 Rac8 24. Rxc5 Rxc5 25. Ngf1 f5 26. f3 Nf6 27. Rb1 b5 28. a4 a6 29. axb5 axb5 30. b4 Rc2 31. Ng3 fxe4 32. Ngxe4 Nd5 33. Ra1 Nc3+ 34. Kf1 Ra2 35. Rc1 Nd5 36. Rc5 Ra1+ 37. Kf2 Nxb4 38. Rxb5 Nxd3+ 39. Kg3 Ra7 40. Nc5 Nf4 41. Nxe6 Kxe6 42. Rb6+ Ke7 43. Nc4 Ra2 44. Rb2 Rxb2 45. Nxb2 Ke6 46. Kf2 Kd5 47. g3 Ne6 48. Ke2 Nc5 49. Kf2 e4 50. fxe4+ Kxe4 51. Nc4 d3 52. Nd2+ Kd4 53. Nf3+ Kc3 54. Ke3 Nb3 55. Ng5 Nd2 56. Kf4 Kc2 57. g4 hxg4 58. Kxg4 Nc4 59. Ne4 Nd6 60. Nf2 d2 61. Kf4 Nf7 62. Kg4 Ne5+ 63. Kg5 Nd3 64. Ng4 Kc1 65. Ne3 Ne5 66. Kf6 Ng4+ 67. Nxg4 d1Q 68. Ne5 Qd6+ 0-1

[Event "AUT-chT2M 1314"]
[Site "Austria"]
[Date "2014.04.04"]
[Round "9.6"]
[White "Ofner, Maximilian"]
[Black "Schueller, Ernst"]
[Result "1-0"]
[WhiteElo "2064"]
[BlackElo "2195"]
[PlyCount "143"]
[EventDate "2013.10.04"]
[EventType "team-tourn"]
[EventRounds "11"]
[EventCountry "AUT"]
[SourceTitle "EXT 2015"]
[Source "ChessBase"]
[SourceDate "2014.11.20"]
[SourceVersion "1"]
[SourceVersionDate "2014.11.20"]
[SourceQuality "1"]
[WhiteTeam "Gleisdorf"]
[BlackTeam "Grieskirchen/Sedda"]
[WhiteTeamCountry "AUT"]
[BlackTeamCountry "AUT"]

1. e4 d6 2. d4 Nf6 3. Bd3 e5 4. Nf3 Nbd7 5. c3 Be7 6. 0-0 0-0 7. Nbd2 c6 8. Re1 Qc7 9. Nf1 b5 10. a4 Rb8 11. axb5 cxb5 12. Bg5 h6 13. Bh4 a6 14. Ne3 Nb6 15. dxe5 dxe5 16. Nxe5 Na4 17. Bxf6 Bxf6 18. N5g4 Bxg4 19. Qxg4 g6 20. Nd5 Qd8 21. Bc2 Bg7 22. Bxa4 bxa4 23. Rxa4 Rxb2 24. Rxa6 Re8 25. Rea1 Qb8 26. g3 Rb1+ 27. Kg2 Rxa1 28. Rxa1 Qb7 29. h4 h5 30. Qf3 Be5 31. Ra4 Kg7 32. Rb4 Qc6 33. Rb6 Qc4 34. Rb7 Rf8 35. Ra7 Qc6 36. Qd3 Qc5 37. Rb7 Rc8 38. Qf3 Rf8 39. Re7 Qd6 40. Qe3 Rc8 41. Qa7 Rf8 42. c4 Bf6 43. c5 Qc6 44. Qd7 Qxd7 45. Rxd7 Rc8 46. Rc7 Ra8 47. Nxf6 Kxf6 48. Kf3 Ra3+ 49. Kf4 Ke6 50. Rc6+ Kd7 51. Rd6+ Ke7 52. Ke5 Rf3 53. Rd2 f6+ 54. Kd5 Kd7 55. c6+ Kc7 56. Rc2 g5 57. hxg5 fxg5 58. e5 h4 59. gxh4 gxh4 60. Ke4 Rf8 61. f4 Rh8 62. Kf3 Rg8 63. f5 h3 64. Rh2 Re8 65. e6 Rh8 66. Kg4 Rg8+ 67. Kf4 Rh8 68. e7 Kxc6 69. Rxh3 Ra8 70. f6 Kd7 71. Kf5 Ke8 72. Kg6 1-0

[Event "AUT-chT2M 1314"]
[Site "Austria"]
[Date "2013.11.17"]
[Round "5.6"]
[White "Heimberger, Reinhard"]
[Black "Schueller, Ernst"]
[Result "1/2-1/2"]
[WhiteElo "2313"]
[BlackElo "2195"]
[PlyCount "135"]
[EventDate "2013.10.04"]
[EventType "team-tourn"]
[EventRounds "11"]
[EventCountry "AUT"]
[SourceTitle "EXT 2015"]
[Source "ChessBase"]
[SourceDate "2014.11.20"]
[SourceVersion "1"]
[SourceVersionDate "2014.11.20"]
[SourceQuality "1"]
[WhiteTeam "St Valentin"]
[BlackTeam "Grieskirchen/Sedda"]
[WhiteTeamCountry "AUT"]
[BlackTeamCountry "AUT"]

1. d4 Nf6 2. g3 e6 3. Bg2 c5 4. e3 d5 5. Nf3 Nc6 6. 0-0 Qc7 7. b3 b6 8. Bb2 Ba6 9. Re1 Rc8 10. a3 Be7 11. Nbd2 0-0 12. dxc5 bxc5 13. c4 Rfd8 14. Qc2 h6 15. Rac1 d4 16. exd4 Nxd4 17. Nxd4 cxd4 18. Ne4 Bb7 19. Red1 e5 20. b4 Nxe4 21. Bxe4 Bg5 22. Bxb7 Qxb7 23. Rb1 Qf3 24. Rd3 Qc6 25. c5 Bf6 26. Qc4 Rd5 27. Re1 a6 28. Rdd1 Rcd8 29. Qd3 h5 30. Bc1 g6 31. f4 exf4 32. Bxf4 Rf5 33. Qe4 Qxe4 34. Rxe4 g5 35. Bd6 Kg7 36. Rf1 Kg6 37. Rc1 Rd5 38. Kf2 Kf5 39. Re2 d3 40. Rd2 Bd4+ 41. Kf3 g4+ 42. Kg2 Be3 43. Rf1+ Ke4 44. Rdd1 f5 45. Bf4 d2 46. Bxe3 Kxe3 47. Rf2 h4 48. Kf1 hxg3 49. hxg3 Rd3 50. Rxf5 Rc3 51. Re5+ Kf3 52. Rf5+ Kxg3 53. Ke2 Rf3 54. Rg5 Rf2+ 55. Ke3 Rf3+ 56. Ke2 Kf4 57. Rg7 Re3+ 58. Kf1 Rxa3 59. c6 Rc3 60. c7 Rd4 61. Ke2 Re3+ 62. Kf2 Re8 63. Rf7+ Kg5 64. Kg3 Rd3+ 65. Kg2 Rc8 66. Rdf1 Rd6 67. Rd1 Kg6 68. Re7 1/2-1/2

[Event "Oberliga Bayern 1213"]
[Site "Bayern"]
[Date "2013.01.13"]
[Round "5.6"]
[White "Schueller, Ernst"]
[Black "Giss, Arthur"]
[Result "0-1"]
[WhiteElo "2156"]
[BlackElo "2052"]
[PlyCount "88"]
[EventDate "2012.10.14"]
[EventType "team-tourn"]
[EventRounds "9"]
[EventCountry "GER"]
[SourceTitle "EXT 2015"]
[Source "ChessBase"]
[SourceDate "2014.11.20"]
[SourceVersion "1"]
[SourceVersionDate "2014.11.20"]
[SourceQuality "1"]
[WhiteTeam "Passau"]
[BlackTeam "Dillingen"]
[WhiteTeamCountry "GER"]
[BlackTeamCountry "GER"]

1. Nf3 Nf6 2. g3 e6 3. Bg2 c5 4. 0-0 Be7 5. d3 d5 6. Bg5 h6 7. Bxf6 Bxf6 8. c3 0-0 9. e4 Nc6 10. Qe2 Qb6 11. Na3 Bd7 12. Rfb1 Rfd8 13. Nc2 Qc7 14. Re1 Rac8 15. Ne3 d4 16. Nd1 e5 17. Nd2 b5 18. a4 bxa4 19. Rxa4 Nb4 20. Rxb4 cxb4 21. cxd4 exd4 22. f4 a5 23. b3 Qc2 24. Nf2 a4 25. bxa4 Bxa4 26. e5 Be7 27. Nfe4 Bb5 28. Bf1 b3 29. f5 Bg5 30. Nxg5 hxg5 31. e6 Be8 32. f6 gxf6 33. Bh3 Rc5 34. exf7+ Bxf7 35. Be6 Rc7 36. Qh5 Kg7 37. Bxf7 Rxf7 38. Nf3 Rh8 39. Qg4 b2 40. h4 b1Q 41. Rxb1 Qxb1+ 42. Kg2 Ra8 43. Qxd4 Qc2+ 44. Kh3 Ra4 0-1

[Event "AUT-chT2M 1213"]
[Site "Austria"]
[Date "2012.11.24"]
[Round "4.6"]
[White "Schueller, Ernst"]
[Black "Kubinger, Thomas"]
[Result "1-0"]
[WhiteElo "2214"]
[BlackElo "2175"]
[PlyCount "85"]
[EventDate "2012.10.19"]
[EventType "team-tourn"]
[EventRounds "11"]
[EventCountry "AUT"]
[SourceTitle "CBM 151 Extra"]
[Source "ChessBase"]
[SourceDate "2012.12.18"]
[SourceVersion "1"]
[SourceVersionDate "2012.12.18"]
[SourceQuality "1"]
[WhiteTeam "Grieskirchen/Schallerbach"]
[BlackTeam "Steyregg"]
[WhiteTeamCountry "AUT"]
[BlackTeamCountry "AUT"]

1. Nf3 d5 2. c4 c6 3. cxd5 cxd5 4. g3 Nf6 5. Bg2 Nc6 6. 0-0 e5 7. d4 e4 8. Ne1 Be7 9. Nc3 0-0 10. Nc2 Re8 11. Rb1 Be6 12. f3 exf3 13. Rxf3 Rc8 14. h3 Ne4 15. Kh2 f5 16. Qf1 Bd6 17. Bf4 Bxf4 18. gxf4 Qf6 19. Rd3 Rf8 20. e3 Na5 21. Qe1 Nc4 22. Nxe4 fxe4 23. Rc3 Nd6 24. Na3 Rxc3 25. bxc3 Rc8 26. Nb5 Nxb5 27. Rxb5 b6 28. Rb3 Bd7 29. Bf1 Qd6 30. Qg3 Ba4 31. Rb4 Bd7 32. Rb3 Ba4 33. Qg4 Rc7 34. Rb4 Bd7 35. Qg5 h6 36. Qd8+ Kh7 37. Bb5 Rxc3 38. Bxd7 Rc2+ 39. Kg3 Qxb4 40. Bf5+ g6 41. Qd7+ Kg8 42. Be6+ Kh8 43. Qe8+ 1-0

[Event "BL2-Ost 0708"]
[Site "Germany"]
[Date "2007.12.09"]
[Round "4.7"]
[White "Mueller, Frank1111"]
[Black "Schueller, Ernst"]
[Result "1-0"]
[WhiteElo "2238"]
[BlackElo "2252"]
[PlyCount "91"]
[EventDate "2007.10.21"]
[EventType "team-tourn"]
[EventRounds "9"]
[EventCountry "GER"]
[SourceTitle "EXT 2009"]
[Source "ChessBase"]
[SourceDate "2008.11.26"]
[SourceVersion "1"]
[SourceVersionDate "2008.11.26"]
[SourceQuality "1"]
[WhiteTeam "Leipzig Mitte"]
[BlackTeam "Passau"]
[WhiteTeamCountry "GER"]
[BlackTeamCountry "GER"]

1. d4 Nf6 2. Nf3 g6 3. c4 Bg7 4. Nc3 0-0 5. e4 d6 6. h3 e5 7. d5 a5 8. Bg5 Na6 9. Be2 Nc5 10. Nd2 h6 11. Be3 Nfd7 12. g4 f5 13. gxf5 gxf5 14. exf5 Rxf5 15. Nde4 Nxe4 16. Nxe4 Qh4 17. Bd3 Nf8 18. Qg4 Rf4 19. Qg2 Rf7 20. 0-0-0 Bf5 21. Rhg1 b6 22. Qg3 Qxg3 23. Rxg3 Kh8 24. Rdg1 Bh7 25. Kd2 Nd7 26. Rg4 Rg8 27. Rh4 Nf8 28. Rg3 Ng6 29. Nxd6 Rf6 30. Nf7+ Rxf7 31. Bxg6 Bxg6 32. Rxg6 Bf8 33. Re6 Rg2 34. Ke2 Rf5 35. Kf1 Rg3 36. Bxh6 Bxh6 37. Rexh6+ Kg7 38. Rh7+ Kg8 39. Rxc7 Rgf3 40. Rg4+ Kf8 41. Rg2 e4 42. Ke2 Rxh3 43. d6 Rd3 44. Rh2 Kg8 45. d7 Rf8 46. Rg2+ 1-0